Páginas escogidas. (Registro nro. 1011)

000 -CABECERA
campo de control de longitud fija 01042cam a22002531 4500
001 - NÚMERO DE CONTROL
campo de control 7089731
003 - IDENTIFICADOR DEL NÚMERO DE CONTROL
campo de control OSt
005 - FECHA Y HORA DE LA ÚLTIMA TRANSACCIÓN
campo de control 20210420104601.0
008 - DATOS DE LONGITUD FIJA--INFORMACIÓN GENERAL
campo de control de longitud fija 760506s1967 xx 000 0 spa
040 ## - FUENTE DE LA CATALOGACIÓN
Centro catalogador/agencia de origen CENDOC CAAAP
Centro/agencia transcriptor CAAAP
Lengua de catalogación spa
050 ## - SIGNATURA TOPOGRÁFICA DE LA BIBLIOTECA DEL CONGRESO
Número de clasificación FP
Número de documento/Ítem 45 T35P1
100 1# - ENTRADA PRINCIPAL--NOMBRE DE PERSONA
Nombre de persona Tello, Julio C.
Forma completa/desarrollada del nombre (Julio César)
Fechas asociadas al nombre 1880-1947.
9 (RLIN) 2350
245 10 - MENCIÓN DE TÍTULO
Título Páginas escogidas.
Mención de responsabilidad, etc. Selección y prólogo de Toribio Mejía Xesspe.
260 ## - PUBLICACIÓN, DISTRIBUCIÓN, ETC.
Lugar de publicación, distribución, etc. Lima,
Nombre del editor, distribuidor, etc. Universidad Nacional Mayor de San Marcos
Fecha de publicación, distribución, etc. [1967]
300 ## - DESCRIPCIÓN FÍSICA
Extensión xxiii, 241 p.
Otras características físicas il., mapas, retrs.
Dimensiones 25 cm.
490 0# - MENCIÓN DE SERIE
Mención de serie Biblioteca de estudios superiores.
505 0# - NOTA DE CONTENIDO CON FORMATO
Nota de contenido con formato Medio geográfico andino.--Reforma de la Universidad Mayor de San Marcos.--La investigación científica.--Civilización peruana.--El descubrimiento y conquista del Perú.
610 20 - PUNTO DE ACCESO ADICIONAL DE MATERIA--NOMBRE DE ENTIDAD CORPORATIVA
Nombre de entidad corporativa o nombre de jurisdicción como elemento de entrada Universidad Nacional Mayor de San Marcos
9 (RLIN) 1886
651 #0 - PUNTO DE ACCESO ADICIONAL DE MATERIA--NOMBRE GEOGRÁFICO
Nombre geográfico Andes (Perú)
9 (RLIN) 2404
651 #0 - PUNTO DE ACCESO ADICIONAL DE MATERIA--NOMBRE GEOGRÁFICO
Nombre geográfico Perú
Subdivisión general Antigüedades
9 (RLIN) 2190
651 #0 - PUNTO DE ACCESO ADICIONAL DE MATERIA--NOMBRE GEOGRÁFICO
Nombre geográfico Perú
Subdivisión general Historia
-- Conquista
Subdivisión cronológica 1522-1548.
9 (RLIN) 2403
700 1# - PUNTO DE ACCESO ADICIONAL--NOMBRE DE PERSONA
Nombre de persona Mejia Xesspe, M. Toribio,
Término indicativo de función/relación ed.
9 (RLIN) 2405
942 ## - ELEMENTOS DE PUNTO DE ACCESO ADICIONAL (KOHA)
Fuente del sistema de clasificación o colocación
Tipo de ítem Koha Libros
Existencias
Estado de retiro Estado de pérdida Fuente del sistema de clasificación o colocación Estado dañado No para préstamo Localización permanente Ubicación/localización actual Ubicación en estantería Fecha de adquisición Total de préstamos Signatura topográfica completa Fecha visto por última vez Precio válido a partir de Tipo de ítem Koha
          CENTRO DE DOCUMENTACIÓN (CENDOC) CENTRO DE DOCUMENTACIÓN (CENDOC)   04/20/2021   FP 45 T35P1 04/20/2021 04/20/2021 Libros
Centro de Documentación CAAAP | AV. Manuel González Prada 626, Magdalena del Mar | (51-1) 4615223 Anexo 205 y 209 | cendoc@caaap.org.pe